00481nam a2200157 a 450000500170000000800410001702000180005805000240007610000140010024500720011426000410018630000230022750000470025065000150029765000110031220140412111304.0001117s19uu xx 00 eng d a0-671-77836-6 aM 428.1bDo725 1994 aDoty, Roy aWords around the year /cby roy Doty ; illustrated by Sal Murdocca. aNew York :bSimon & Schuster,c1994. a1 v. (unp.) ; ill. aSimon and Schuster Books for young Readers aVocabulary aMonths